Cẩm nang bảo vệ mùa màng
Saved in:
| Main Author: | |
|---|---|
| Format: | Book |
| Language: | Undetermined |
| Published: |
Hà Nội
Bộ Cải Tiến Nông Thôn
1964
|
| Subjects: | |
| Tags: |
Add Tag
No Tags, Be the first to tag this record!
|
| Institutions: | Trung tâm Học liệu Trường Đại học Cần Thơ |
|---|
| LEADER | 00607nam a2200181Ia 4500 | ||
|---|---|---|---|
| 001 | CTU_12879 | ||
| 008 | 210402s9999 xx 000 0 und d | ||
| 082 | |a 632 | ||
| 082 | |b S460 | ||
| 100 | |a Sở Bảo Vệ Mùa Màng | ||
| 245 | 0 | |a Cẩm nang bảo vệ mùa màng | |
| 245 | 0 | |c Sở Bảo Vệ Mùa Màng | |
| 260 | |a Hà Nội | ||
| 260 | |b Bộ Cải Tiến Nông Thôn | ||
| 260 | |c 1964 | ||
| 650 | |a agricultural chemicals,plant - diseases and pests - control,plants, protection of | ||
| 904 | |i Minh, 961121 | ||
| 980 | |a Trung tâm Học liệu Trường Đại học Cần Thơ | ||